00165 a2200073 45000010005000001000018000052450037000232600031000606984 aBessaignet, P aSocial research in east Pakistan abAsiatic society of Pakc